Sur les espaces de Riemann, de Weyl et de Schouten / (Record no. 49868)

MARC details
000 -LEADER
fixed length control field 00738cam a22002291a 4500
001 - CONTROL NUMBER
control field ne 67001952
003 - CONTROL NUMBER IDENTIFIER
control field DLC
005 - DATE AND TIME OF LATEST TRANSACTION
control field 20260227111835.0
008 - FIXED-LENGTH DATA ELEMENTS--GENERAL INFORMATION
fixed length control field 830528s1956 ir 000 0 fre
010 ## - LIBRARY OF CONGRESS CONTROL NUMBER
LC control number ne 67001952
035 ## - SYSTEM CONTROL NUMBER
System control number (OCoLC)9558571
040 ## - CATALOGING SOURCE
Original cataloging agency DLC
Transcribing agency IU
Modifying agency DLC
042 ## - AUTHENTICATION CODE
Authentication code premarc
050 00 - LIBRARY OF CONGRESS CALL NUMBER
Classification number QA689
Item number .H32
100 1# - MAIN ENTRY--PERSONAL NAME
Personal name Hashtrūdī, Muḥsin,
Dates associated with a name 1908-1976.
245 10 - TITLE STATEMENT
Title Sur les espaces de Riemann, de Weyl et de Schouten /
Statement of responsibility, etc. par Mohsen Hachtroudi.
260 ## - PUBLICATION, DISTRIBUTION, ETC.
Place of publication, distribution, etc. [Téhéran :
Name of publisher, distributor, etc. Impr. de l'Université de Téhéran,
Date of publication, distribution, etc. 1956.
300 ## - PHYSICAL DESCRIPTION
Extent iv, 127 p. ;
Dimensions 25 cm.
490 1# - SERIES STATEMENT
Series statement Publication / Université de Téhéran ;
Volume/sequential designation no. 297
650 #0 - SUBJECT ADDED ENTRY--TOPICAL TERM
Topical term or geographic name entry element Geometry, Riemannian.
830 #0 - SERIES ADDED ENTRY--UNIFORM TITLE
Uniform title Intishārāt (Dānishgāh-i Tihrān) ;
Volume/sequential designation 297

No items available.

Powered by Koha